000 00358nam a2200157Ia 4500
100 _aGardner/John F
650 _aSimulation
942 _cRB
366 _f17.5
654 _asimulation
245 _aSimulation of machines using Matlab and Simulink
260 _bBrooks/Cole
_c2001
082 _a620.0044/GAR
_bGAR
300 _a137
546 _aENGLISH
999 _c35103
_d35103